00227 a2200109 4500001000700000040003500007100002300042240002000065245001500085300000800100362000900108155222 cEscola São Tomás de Aquino aCERROLAZA, Óscar10aPlanet@ 2lpor10aPlanet@ 2 a1910 a1999